000
00276nam a22001217a 4500
082
_a
823
_b
BRE/T
100
_a
BRECHT, BERIOLT
245
_a
THE LIFE OF GALIKO
260
_a
LONDON
_b
OXFORD LONDON
_c
1997
300
_a
127
650
_a
ENGLISH STORY
_z
UNITED KINGDOM
942
_c
BK
999
_c
7596
_d
7596